Statistics for Largest Cities in Ukraine

Click here to take the quiz!

General Stats

  • This quiz has been taken 15 times
  • The average score is 8 of 10

Answer Stats

RankAnswer% Correct
2Kharkiv
100%
1Kiev
100%
4Dnipro
93%
5Donetsk
93%
3Odessa
93%
7Lviv
87%
10Mariupol
73%
6Zaporizhia
67%
9Mykolaiv
60%
8Kryvyi Rih
53%

Score Distribution

Percentile by Number Answered

Percent of People with Each Score

Your Score History

You have not taken this quiz